| 000 | 00779cam a2200253 a 4500 | ||
|---|---|---|---|
| 001 | 84954 | ||
| 003 | BD-RjUL | ||
| 005 | 20250520093518.0 | ||
| 008 | 250520s1954 pk b 000 0 urdo | ||
| 035 | _a(BD-RjUL) 84954 | ||
| 040 |
_aDLC _cDLC _beng |
||
| 041 | _aurd | ||
| 082 |
_223 _a954.91 _bJAH 1954 |
||
| 100 | 1 |
_aJāved, Yūnus. _915530 |
|
| 245 | 1 | 0 |
_aحلقۂ ارباب ذوق / Ḥalqah-yi Arbāb-i Z̲auq / _cىونس جاوىد., Yūnus Jāved |
| 260 |
_aLahore : _burdu book satal , _c1954 |
||
| 300 |
_a240 p. ; _c22 cm. |
||
| 490 |
_aنئی تحریریں ; _v1 |
||
| 610 | 2 | 0 |
_aḤalqah-yi Arbāb-i Z̲auq (Pakistan) _915531 |
| 650 |
_a History _z (Pakistan) _915532 |
||
| 830 |
_aنئی تحریریں ; _v1 _915533 |
||
| 942 |
_2ddc _cBK |
||
| 999 |
_c84954 _d84954 |
||